00918cam a22002893a 45000010005000000030006000050050017000110080041000280400015000690420007000840500007000911000033000982450067001312600029001985050071002275060030002985160020003286530061003486530014004096530023004236530013004468300028004598560041004879420007005289990019005359520074005544928PGUSA20140828083111.0040101s2004||||xxu|||||s|||||000 | eng d aPGUSAbeng adc 4aBL1 aBulfinch, Thomas,d1796-186710aBulfinch's Mythologyh[electronic resource] /cThomas Bulfinch bProject Gutenberg,c20040 aThe age of fable -- The age of chivalry -- Legends of Charlemagne. aPublic domain in the USA. aElectronic text aCharlemagne, Emperor, 742-814 -- Romances -- Adaptations aMythology aFolklore -- Europe aRomances 0aProject Gutenbergv492840uhttp://www.gutenberg.org/ebooks/4928 cEB c234257d234257 001040aGTBbGTBd2014-08-28l0r2014-08-28 00:00:00w2014-08-28yEB